000 00764nam a2200253Ia 4500
003 OSt
005 20220925204419.0
006 a|||||r|||| 00| 0
007 ta
008 220923b |||||||| |||| 00| 0 eng d
037 _cGeneral Book
040 _aRTL
_cRTL
_beng
041 _2eng
_aeng
082 _aX9(L:5), N9
100 _aGarrett Martha J Ed.
_9268417
110 _aWorld Health Organization
_9268418
245 0 _aHealth futures
_b A handbook for health professional
260 _aGeneva
_bWorld Health Organization
_c1999
300 _axov,320p.
_ccm.
650 _aHealth Economics
700 _aWorld Health Organization
_9268419
942 _hX9(L:5), N9
_cGB
_2CC
999 _c549375
_d549375